[Event "TUR Cup"]
[Site "Antalya"]
[Date "2017.01.28"]
[Round "1"]
[White "Orak, Yunus"]
[Black "Gulden, Egemen"]
[Result "0-1"]
[WhiteElo "1723"]
[BlackElo "2180"]
[PlyCount "150"]
[EventDate "2017.01.28"]
[EventType "swiss"]
[EventRounds "11"]
[EventCountry "TUR"]
[SourceTitle "CBM 176 Extra"]
[Source "ChessBase"]
[SourceDate "2017.03.02"]
[SourceVersion "1"]
[SourceVersionDate "2017.03.02"]
[SourceQuality "1"]

1. e4 g6 2. d4 Bg7 3. Nc3 d6 4. Be3 a6 5. Qd2 b5 6. Bd3 Nd7 7. f4 Bb7 8. Nf3 e6 9. h4 h5 10. f5 e5 11. fxg6 fxg6 12. d5 Ndf6 13. Ng5 Bc8 14. 0-0-0 Nh6 15. Kb1 Nhg4 16. Rdf1 0-0 17. Nd1 Bd7 18. Nf2 Qe7 19. Be2 Nxf2 20. Rxf2 c5 21. dxc6 Bxc6 22. Bf3 Rad8 23. Qc3 Bd7 24. Qb3+ Kh8 25. Rd2 Rc8 26. Rhd1 Rc6 27. Qa3 Ne8 28. Ba7 Bh6 29. Bb8 Rf6 30. Qe3 Kg7 31. b3 Kg8 32. Qa7 Bxg5 33. hxg5 Rf7 34. Qb7 Qe6 35. Qa7 Bc8 36. Qf2 Qe7 37. Kb2 Be6 38. Qh4 Qd8 39. Bxh5 gxh5 40. Qxh5 Ng7 41. Qh6 Qxb8 42. g6 Qe8 43. Qh7+ Kf8 44. gxf7 Qxf7 45. Rxd6 Rxd6 46. Rxd6 Qc7 47. Rxa6 b4 48. Ra8+ Kf7 49. Qg8+ Kg6 50. Qd8 Qc3+ 51. Kb1 Qe1+ 52. Kb2 Qc3+ 53. Kb1 Qe1+ 54. Kb2 Qxe4 55. Qd3 Qxd3 56. cxd3 Bf5 57. Kc2 Ne6 58. Kd2 Nf4 59. Rb8 Nd5 60. Rb5 Be6 61. Ra5 Kf6 62. a4 Ke7 63. Ra7+ Kd6 64. g3 Nc7 65. Kc2 Bf5 66. Ra5 Ne6 67. Ra6+ Kd5 68. Ra7 Nd4+ 69. Kb2 Bxd3 70. g4 Ke6 71. a5 e4 72. Kc1 Nxb3+ 73. Kd1 Nc5 74. g5 e3 75. g6 Bxg6 0-1

[Event "Mersin op 1st"]
[Site "Mersin"]
[Date "2016.10.24"]
[Round "2"]
[White "Gulden, Egemen"]
[Black "Kerem, Halil Ozgun"]
[Result "1-0"]
[WhiteElo "2161"]
[BlackElo "1993"]
[PlyCount "155"]
[EventDate "2016.10.23"]
[EventType "swiss"]
[EventRounds "9"]
[EventCountry "TUR"]
[SourceTitle "EXT 2018"]
[Source "ChessBase"]
[SourceDate "2017.10.13"]
[SourceVersion "1"]
[SourceVersionDate "2017.10.13"]
[SourceQuality "1"]

1. e4 c5 2. Nc3 d6 3. g3 g6 4. Bg2 Bg7 5. d3 Nc6 6. Be3 Rb8 7. Qd2 b5 8. Nge2 b4 9. Nd1 e5 10. a3 a5 11. axb4 axb4 12. c3 bxc3 13. bxc3 Bd7 14. h3 Qc8 15. g4 h5 16. g5 Nge7 17. f4 0-0 18. Nf2 exf4 19. Bxf4 Be5 20. Be3 Qb7 21. Nd1 Qb3 22. d4 cxd4 23. cxd4 Bg7 24. 0-0 Nb4 25. Bf4 Rb6 26. Ne3 Qd3 27. Rfd1 Qxd2 28. Rxd2 Nc8 29. Rb1 Nd5 30. Rxb6 Ndxb6 31. Nc3 f6 32. gxf6 Bxf6 33. Ncd5 Nxd5 34. Nxd5 Bg7 35. Bg5 Bc6 36. Nf4 Re8 37. d5 Bd7 38. Nxg6 Kh7 39. Nf4 Be5 40. Ne2 Nb6 41. Bf4 Nc4 42. Rc2 Bxf4 43. Nxf4 Ne5 44. Nxh5 Kg6 45. Nf4+ Kg5 46. Rf2 Rh8 47. Ne6+ Bxe6 48. dxe6 Re8 49. Kh2 Rxe6 50. Kg3 Rf6 51. Rc2 Kh5 52. Rc8 Rg6+ 53. Kh2 Kg5 54. Rh8 Kf4 55. Rf8+ Kg5 56. Kg3 Kh5+ 57. Kf2 Kg5 58. Ke3 Kh6 59. Bf1 Kg7 60. Rf2 Rf6 61. Rg2+ Rg6 62. Rc2 Rf6 63. Be2 Rh6 64. Bg4 Nxg4+ 65. hxg4 Rh1 66. Rd2 Re1+ 67. Kf4 Rf1+ 68. Kg5 Rf6 69. Rd5 Re6 70. Kf4 Rf6+ 71. Rf5 Re6 72. g5 Kg6 73. Rb5 Re7 74. Rf5 Re6 75. Rd5 Kf7 76. Kf5 Ke7 77. Ra5 Kf7 78. g6+ 1-0

[Event "Mersin op 1st"]
[Site "Mersin"]
[Date "2016.10.23"]
[Round "1"]
[White "Demchenko, Anton"]
[Black "Gulden, Egemen"]
[Result "1-0"]
[WhiteElo "2629"]
[BlackElo "2161"]
[PlyCount "55"]
[EventDate "2016.10.23"]
[EventType "swiss"]
[EventRounds "9"]
[EventCountry "TUR"]
[SourceTitle "EXT 2018"]
[Source "ChessBase"]
[SourceDate "2017.10.13"]
[SourceVersion "1"]
[SourceVersionDate "2017.10.13"]
[SourceQuality "1"]

1. e4 g6 2. d4 Bg7 3. Nc3 d6 4. Be3 a6 5. Qd2 Nd7 6. h4 h5 7. Nh3 Ngf6 8. f3 b5 9. Ng5 Bb7 10. 0-0-0 e6 11. Kb1 Qe7 12. Ne2 Nb6 13. Nc1 d5 14. e5 Nfd7 15. b3 c6 16. g4 Nc8 17. gxh5 Rxh5 18. f4 Na7 19. Be2 b4 20. Bxh5 gxh5 21. Rdg1 Bf8 22. Nh7 Nb5 23. f5 Nc3+ 24. Kb2 exf5 25. Bg5 Qe6 26. Nxf8 Nxf8 27. Nd3 Nd7 28. Nf4 1-0

[Event "TUR-chT"]
[Site "Izmir"]
[Date "2016.08.05"]
[Round "13.4"]
[White "Gezici, Omer Ata"]
[Black "Gulden, Egemen"]
[Result "0-1"]
[WhiteElo "1706"]
[BlackElo "2122"]
[PlyCount "98"]
[EventDate "2016.07.25"]
[EventType "team-swiss"]
[EventRounds "13"]
[EventCountry "TUR"]
[SourceTitle "CBM 173 Extra"]
[Source "ChessBase"]
[SourceDate "2016.08.29"]
[SourceVersion "1"]
[SourceVersionDate "2016.08.29"]
[SourceQuality "1"]
[WhiteTeam "Besiktas Jimnastik"]
[BlackTeam "Tas Duvar"]
[WhiteTeamCountry "TUR"]
[BlackTeamCountry "TUR"]

1. e4 c5 2. Nf3 d6 3. Bb5+ Nc6 4. 0-0 a6 5. Bxc6+ bxc6 6. h3 g6 7. c3 Bg7 8. d4 cxd4 9. cxd4 Nf6 10. Nc3 0-0 11. Be3 h6 12. Rc1 Bd7 13. Qd2 Kh7 14. Rfd1 Ne8 15. Bf4 Nc7 16. h4 Bg4 17. Qe3 Ne6 18. Ne2 Nxf4 19. Qxf4 Bd7 20. Ng3 Qa5 21. e5 d5 22. a3 Rab8 23. Rc2 Rb3 24. h5 Qa4 25. Rdc1 Qb5 26. hxg6+ fxg6 27. Qh4 Rxb2 28. Rc5 Qb3 29. e6 Bf6 30. Qg4 Be8 31. R5c3 Qa2 32. Rf1 Rb3 33. Rxb3 Qxb3 34. Kh2 Qb8 35. Kg1 Bg7 36. Qh4 Qd6 37. Ra1 Kg8 38. Qg4 Rf4 39. Qh3 Rf6 40. Re1 Qxa3 41. Ne5 Qc3 42. Re3 Qa1+ 43. Kh2 Rxf2 44. Ng4 Rf4 45. Ne2 Rf1 46. Ng3 Rf8 47. Nxh6+ Bxh6 48. Qxh6 Qxd4 49. Nh5 Qh8 0-1